00516nam a2200205 a 4500001001300000003000900013005001700022008004100039020001000080082001500090100001800105245003900123260002900162300000900191500003500200505001200235650002100247650002400268700001800292nice12345678IN_TiNIC20260116012244.0050524s1951 lona grp 000 0 eng  ac10000a230.3bRIC aRichardson, A aTheological Word Book of the Bible aLondonbScm Press c1951 a290p aincludes index and biblioraphy2 aIndices aDictionary-Bible aTheology-Dictionary1 aRichardson, A